<The> governance of inclusive growth <an> overview of country initiatives

Salvato in:
Dettagli Bibliografici
Natura: Libro
Lingua:inglese
Pubblicazione: Paris OECD 2016
Soggetti:
Tags: Aggiungi Tag
Nessun Tag, puoi essere il primo ad aggiungerne!!

MARC

LEADER 00000nam$a2200000$$$4500
001 0228175
005 20221107100942.4
020 |a 978-92-64-26515-8 
041 0 |a eng 
044 |a FR 
245 1 0 |a <The> governance of inclusive growth  |b <an> overview of country initiatives 
264 1 |a Paris  |b OECD  |c 2016 
300 |a 491 s. 
610 2 0 |a rast hospodársky 
610 2 0 |a rozvoj hospodársky 
610 2 0 |a reformy hospodárske 
610 2 0 |a politika hospodárska 
610 2 0 |a Európska únia 
610 2 0 |a svet